<?xml version="1.0" encoding="UTF-8"?>
<record
    xmlns:xsi="http://www.w3.org/2001/XMLSchema-instance"
    xsi:schemaLocation="http://www.loc.gov/MARC21/slim http://www.loc.gov/standards/marcxml/schema/MARC21slim.xsd"
    xmlns="http://www.loc.gov/MARC21/slim">

  <leader>01024nam a2200325Ia 4500</leader>
  <controlfield tag="001">Z_5732</controlfield>
  <controlfield tag="003">CHAP</controlfield>
  <controlfield tag="008">220113s2005    xx            000 0 und d</controlfield>
  <datafield tag="010" ind1=" " ind2=" ">
    <subfield code="a">168836</subfield>
  </datafield>
  <datafield tag="020" ind1=" " ind2=" ">
    <subfield code="a">968-02-0147-3</subfield>
  </datafield>
  <datafield tag="040" ind1=" " ind2=" ">
    <subfield code="c">CHAP</subfield>
  </datafield>
  <datafield tag="082" ind1=" " ind2=" ">
    <subfield code="a">636.080972 S3 2004</subfield>
  </datafield>
  <datafield tag="100" ind1=" " ind2=" ">
    <subfield code="a">Sagarnaga Villegas, Leticia Myriam</subfield>
    <subfield code="9">101176</subfield>
  </datafield>
  <datafield tag="245" ind1=" " ind2=" ">
    <subfield code="a">Sistemas de producci&#xF3;n de no rumiantes y especies menores : resultados de investigaci&#xF3;n 2004  /</subfield>
    <subfield code="c">Leticia Myriam Sagarnaga Villegas</subfield>
  </datafield>
  <datafield tag="260" ind1=" " ind2=" ">
    <subfield code="a">Chapingo, M&#xE9;x.  :</subfield>
    <subfield code="b">UACH. Departamento de Zootecnia,</subfield>
    <subfield code="c">2005</subfield>
  </datafield>
  <datafield tag="300" ind1=" " ind2=" ">
    <subfield code="a">138 p.</subfield>
  </datafield>
  <datafield tag="650" ind1=" " ind2=" ">
    <subfield code="a">Cadenas de producci&#xF3;n </subfield>
    <subfield code="9">143100</subfield>
  </datafield>
  <datafield tag="650" ind1=" " ind2=" ">
    <subfield code="a">Conejos</subfield>
    <subfield code="x">Alimentaci&#xF3;n</subfield>
    <subfield code="9">26353</subfield>
  </datafield>
  <datafield tag="650" ind1=" " ind2=" ">
    <subfield code="a">Ganader&#xED;a</subfield>
    <subfield code="x">Guanajuato </subfield>
    <subfield code="9">44742</subfield>
  </datafield>
  <datafield tag="650" ind1=" " ind2=" ">
    <subfield code="a">Ganader&#xED;a</subfield>
    <subfield code="x">M&#xE9;xico </subfield>
    <subfield code="9">137519</subfield>
  </datafield>
  <datafield tag="650" ind1=" " ind2=" ">
    <subfield code="a">Ganado porcino</subfield>
    <subfield code="x">Guanajuato </subfield>
    <subfield code="9">45371</subfield>
  </datafield>
  <datafield tag="650" ind1=" " ind2=" ">
    <subfield code="a">Ganado porcino</subfield>
    <subfield code="x">Jalisco </subfield>
    <subfield code="9">45378</subfield>
  </datafield>
  <datafield tag="650" ind1=" " ind2="7">
    <subfield code="a">Tilapia (nombre com&#xFA;n)</subfield>
    <subfield code="2"></subfield>
    <subfield code="9">113299</subfield>
  </datafield>
  <datafield tag="901" ind1=" " ind2=" ">
    <subfield code="a">636.080972 S3 2004</subfield>
  </datafield>
  <datafield tag="902" ind1=" " ind2=" ">
    <subfield code="a">A</subfield>
  </datafield>
  <datafield tag="910" ind1=" " ind2=" ">
    <subfield code="a">2005</subfield>
  </datafield>
  <datafield tag="942" ind1=" " ind2=" ">
    <subfield code="c">1</subfield>
  </datafield>
  <datafield tag="942" ind1=" " ind2=" ">
    <subfield code="c">c1</subfield>
  </datafield>
  <datafield tag="999" ind1=" " ind2=" ">
    <subfield code="c">168836</subfield>
    <subfield code="d">168836</subfield>
  </datafield>
  <datafield tag="952" ind1=" " ind2=" ">
    <subfield code="0">0</subfield>
    <subfield code="1">0</subfield>
    <subfield code="2">ddc</subfield>
    <subfield code="4">0</subfield>
    <subfield code="7">0</subfield>
    <subfield code="8">GRAL</subfield>
    <subfield code="a">Z</subfield>
    <subfield code="b">Z</subfield>
    <subfield code="c">1</subfield>
    <subfield code="d">2011-10-06</subfield>
    <subfield code="p">z_0923</subfield>
    <subfield code="r">2022-01-18 00:00:00</subfield>
    <subfield code="t">3</subfield>
    <subfield code="w">2022-01-18</subfield>
    <subfield code="y">LIBRO</subfield>
  </datafield>
  <datafield tag="952" ind1=" " ind2=" ">
    <subfield code="0">0</subfield>
    <subfield code="1">0</subfield>
    <subfield code="2">ddc</subfield>
    <subfield code="4">0</subfield>
    <subfield code="7">0</subfield>
    <subfield code="8">GRAL</subfield>
    <subfield code="a">Z</subfield>
    <subfield code="b">Z</subfield>
    <subfield code="c">1</subfield>
    <subfield code="d">2009-01-15</subfield>
    <subfield code="p">z_5621</subfield>
    <subfield code="r">2022-01-18 00:00:00</subfield>
    <subfield code="t">1</subfield>
    <subfield code="w">2022-01-18</subfield>
    <subfield code="y">LIBRO</subfield>
  </datafield>
  <datafield tag="952" ind1=" " ind2=" ">
    <subfield code="0">0</subfield>
    <subfield code="1">0</subfield>
    <subfield code="2">ddc</subfield>
    <subfield code="4">0</subfield>
    <subfield code="7">0</subfield>
    <subfield code="8">GRAL</subfield>
    <subfield code="a">Z</subfield>
    <subfield code="b">Z</subfield>
    <subfield code="c">1</subfield>
    <subfield code="d">2009-01-15</subfield>
    <subfield code="p">z_5622</subfield>
    <subfield code="r">2022-01-18 00:00:00</subfield>
    <subfield code="t">2</subfield>
    <subfield code="w">2022-01-18</subfield>
    <subfield code="y">LIBRO</subfield>
  </datafield>
</record>
